| 000 | 02564nam a2200277 a 4500 | ||
|---|---|---|---|
| 001 | 000000164 | ||
| 005 | 20200929145313.0 | ||
| 008 | 081112s2007 dr a 001 0 spa | ||
| 040 |
_aDO-SdBNP _bspa _cBNPHU |
||
| 082 |
_a101 _bR789c |
||
| 100 | 1 |
_aRosario Jiménez, José _9526 |
|
| 245 | 1 | 0 |
_aCurso de filosofía : _bgeneralidades e historia / _cJosé Rosario Jiménez ; prólogo Franklin García Fermín. |
| 260 |
_aLa Vega, República Dominicana : _bImprenta Enriquillo, _c2007. |
||
| 300 |
_av. : _bil. ; _c22 cm. |
||
| 500 | _aLa biblioteca posee el volumen 1. | ||
| 500 | _aIncluye glosario de términos. | ||
| 500 | _aSegunda reimpresión de la primera edición de 2007. | ||
| 504 | _aBibliografía : p. 254-258 | ||
| 505 | 0 |
_tAnálisis etimológico del término philosophia -- _tAlgunos conceptos de filosofía a través de la historia -- _tDefinición más abarcadora y sus variables -- _tLa metafísica -- _tLa lógica -- _tLa gnoseología, epistemología o teoría del conocimiento -- _tLa ética y moral -- _tLa estética -- _tLa filosofía social -- _tHistoria de la filosofía -- _tLa linguística -- _tLa teología -- _tLas categorías filosóficas -- _tAlgunas referencias históricas -- _tLos grados de las categorías -- _tLas características de las categorías -- _tConcepción materialista e idealista de las categorías -- _tConcepto de ciencia -- _tAportes de la filosofía al pensamiento científico -- _tLos grados de conocimiento en general -- _tConocimiento subjetivo y conocimiento objetivo -- _tConocimiento filosófico y conocimiento experimental -- _tTres concepciones sobre el origen de la filosofía -- _tEl pensamiento filosófico en occidente -- _tEscuelas y corrientes de la filosofía occidental -- _tLos nuevos presupuestos de la filosofía cristiana -- _tLa patrística medieval -- _tLa escolástica -- _tLa decadencia medieval -- _tEl humanismo -- _tEl racionalismo -- _tEl empirismo ilustrado -- _tEl racio-empirismo -- _tLa dialéctica hegeliana -- _tLa gnoseología marxista -- _tEl positivismo -- _tExistencialismo -- _tLa fenomelogía -- _tEstructuralismo -- _tEl neopositivismo -- _tLa idea de progreso y el fin de la historia -- _tLa vida sin imperativo categórico -- _tTolerancia e indiferencia -- _tEl ateísmo postmoderno -- _tLa ecofilosofía (características generales). |
|
| 590 | _aInventariado, 2018 /LP | ||
| 650 | 4 |
_aFilosofía _xEnseñanza _9527 |
|
| 650 | 4 |
_aFilosofía _xHistoria _9528 |
|
| 650 | 4 |
_aCategorías (filosofía) _9529 |
|
| 700 | 1 |
_aGarcía Fermín, Franklin, _d1957- _epról. _9530 |
|
| 910 | _aValidado. Control de calidad MMOLINA | ||
| 999 |
_c164 _d164 |
||